The music of south Asia/ (Record no. 29832)

000 -LEADER
fixed length control field 00367nam a22001571a 4500
020 ## - INTERNATIONAL STANDARD BOOK NUMBER
ISBN 9788176480574
082 ## - DEWEY DECIMAL CLASSIFICATION NUMBER
Classification number 780.954
Item number SEL/M
100 ## - MAIN ENTRY--AUTHOR NAME
Personal name Selina Thielemann
245 ## - TITLE STATEMENT
Title The music of south Asia/
Statement of responsibility, etc by Selina Thielemann
260 ## - PUBLICATION, DISTRIBUTION, ETC. (IMPRINT)
Place of publication New Delhi:
Name of publisher A P H,
Year of publication 1999.
300 ## - PHYSICAL DESCRIPTION
Number of Pages 690p.
650 ## - SUBJECT ADDED ENTRY--TOPICAL TERM
Topical Term Music India
650 ## - SUBJECT ADDED ENTRY--TOPICAL TERM
Topical Term Music
650 ## - SUBJECT ADDED ENTRY--TOPICAL TERM
Topical Term Arts
942 ## - ADDED ENTRY ELEMENTS (KOHA)
Koha item type Book
Holdings
Withdrawn status Lost status Damaged status Not for loan Permanent Location Current Location Date acquired Cost, normal purchase price Full call number Accession Number Cost, replacement price Price effective from Koha item type Shelving location
        Sree Sankaracharya University of Sanskrit Sree Sankaracharya University of Sanskrit 08.01.2015 1500.00 780.954 SEL/M 053684 0.00 08.01.2015 Book  
        Sree Sankaracharya University of Sanskrit Sree Sankaracharya University of Sanskrit 06.01.2021 1500.00 780.954 SEL/M 101709   06.01.2021 Book Stacks